U.S. President to State - Click Quiz (Selection - One-to-one) - Statistics

General Stats
  • This quiz has been taken 39 times
  • The average score is 7 of 21
Answer Stats
Hint Answer % Correct
George Washington Virginia
68%
Barack Obama Hawaii
64%
Donald Trump New York
64%
Bill Clinton Arkansas
60%
Abraham Lincoln Kentucky
56%
Jimmy Carter Georgia
52%
Richard Nixon California
44%
John F. Kennedy Massachusetts
44%
Harry S. Truman Missouri
40%
Joe Biden Pennsylvania
36%
Ulysses S. Grant Ohio
32%
Gerald Ford Nebraska
28%
Ronald Reagan Illinois
24%
Dwight D. Eisenhower Texas
24%
George W. Bush Connecticut
20%
Andrew Johnson North Carolina
20%
Herbert Hoover Iowa
16%
Grover Cleveland New Jersey
16%
Franklin Pierce New Hampshire
12%
Andrew Jackson South Carolina
12%
Calvin Coolidge Vermont
12%
No matching quizzes found
Score Distribution
Percent of People with Each Score
Percentile by Number Answered
Your Score History
You have not taken this quiz